Historia Obrera : Organo del Centro de Estudios Históricos del Movimiento Obrero Mexicano : segunda época, volumen 3, número 10, octubre de 1977 /

محفوظ في:
التفاصيل البيبلوغرافية
مؤلف مشترك: Centro de Estudios Históricos del Movimiento Obrero Mexicano
مؤلفون آخرون: Ojeda Paullada, Pedro (dirección) (dirección)
التنسيق: كتاب
اللغة:الإسبانية
منشور في: México : Centro de Estudios Históricos del Movimiento Obrero Mexicano, 1977
سلاسل:(Historia Obrera ; 2/10)
الموضوعات:
الوسوم: إضافة وسم
لا توجد وسوم, كن أول من يضع وسما على هذه التسجيلة!

MARC

LEADER 00000nam^a2200000^a^4500
001 000630164
005 20260410000000.0
009 20260410195516.996
037 |a Acervo ITESO - Biblioteca 
041 |a ESP 
082 |a 322. 2  |b CEN S. 2 V. 10 
110 |a Centro de Estudios Históricos del Movimiento Obrero Mexicano 
240 1 1 |a [Historia Obrera] 
245 1 0 |a Historia Obrera :  |b Organo del Centro de Estudios Históricos del Movimiento Obrero Mexicano : segunda época, volumen 3, número 10, octubre de 1977 /  |c Dir. de P. Ojeda Paullada. 
264 4 |a México :  |b Centro de Estudios Históricos del Movimiento Obrero Mexicano,  |c 1977 
300 |a 48 p. 
336 |a texto  |b txt  |2 rdacontenido 
337 |a sin mediación  |b n  |2 rdamedio 
338 |a volumen  |b nc  |2 rdasoporte 
440 1 |a (Historia Obrera ;  |v 2/10) 
567 |a Catalogación rápida 
649 |a XX 
650 |a Obreros -  |z México -  |x Historia 
650 |a Huelgas y Paros -  |z México -  |x Historia 
650 |a Movimientos Obreros -  |z México -  |x Publicaciones Periódicas -  |x Tema Principal 
650 |a Movimientos Obreros -  |z México -  |x Historia -  |x Tema Principal 
650 |a Movimientos Sociales -  |z México -  |x Historia 
650 |a Anarquismo -  |x Historia 
650 |a Política -  |z México -  |x Historia 
650 |a Política -  |x Publicaciones Periódicas Mexicanas 
650 |a Publicaciones Periódicas Mexicanas 
650 |a Publicaciones Periódicas 
700 |a Ojeda Paullada, Pedro  |e (dirección) 
910 |a Fondo Castillo-Martínez 
920 |a Impresos - Libros 
930 |a Fondos Especiales 
905 |a 127 
901 |a 630164-10  |b IT2  |c ESP  |i D124088  |u 20260410 
902 |a https://opac.biblio.iteso.mx/vufind/Record/000630164